| 000 | 00657nam a2200205Ii 4500 | ||
|---|---|---|---|
| 003 | JO-AjNU | ||
| 008 | 230605s9999||||xx |||||||||||||| ||und|| | ||
| 017 | _a2010/7/2495 | ||
| 040 |
_aJO-AjNU _bara _erda _cJO-AjNU |
||
| 041 | _aara | ||
| 050 | 1 | 4 | _aPJ7515.F37 2010 |
| 100 | 3 |
_aالفار، جورج, _eauthor _950307 |
|
| 245 | 0 | 0 | _aبهاء الأنثى: رسائل إلى إبنتي المنتظرة |
| 264 | 3 | 1 | _aعمان: المؤلف، 2010 |
| 300 | _a159ص | ||
| 336 |
_atext _btxt _2rdacontent |
||
| 337 |
_aunmediated _bn _2rdamedia |
||
| 338 |
_avolume _bnc _2rdacarrier |
||
| 650 | 4 |
_aالتربية - الآداب الإجتماعية _950308 |
|
| 999 |
_aA22152 _c25720 _d25720 |
||